LIBRARY & INFORMATION CENTRE, KCAET, TAVANUR

ONLINE PUBLIC ACCESS CATALOGUE (OPAC)

William shakespeare (Record no. 7667)

MARC details
000 -LEADER
fixed length control field 00377cam a2200169ua 4500
041 ## - LANGUAGE CODE
Language code of text/sound track or separate title eng
082 ## - DEWEY DECIMAL CLASSIFICATION NUMBER
Classification number 828.09
Item number MAS/WI
100 ## - MAIN ENTRY--AUTHOR NAME
Personal name Masfield, John .
245 ## - TITLE STATEMENT
Title William shakespeare
250 ## - EDITION STATEMENT
Edition statement 1 /
260 ## - PUBLICATION, DISTRIBUTION, ETC. (IMPRINT)
Place of publication Melbourne :
Name of publisher William Heinemann Ltd ,
Year of publication 1961.
300 ## - PHYSICAL DESCRIPTION
Number of Pages 184 ; .
942 ## - ADDED ENTRY ELEMENTS (KOHA)
Koha item type Books
Holdings
Withdrawn status Lost status Damaged status Home library Current library Date acquired Full call number Accession Number Koha item type Cost, normal purchase price Public note
Withdrawn     KAUAET Sanskrit University 07/04/2012 828.09 11822 Books    
Withdrawn     KAUAET Sanskrit University 07/04/2012 828.09 6752 Books 10.60 Transferred to Sanskrit University
free website counter